03342nam a2200325 4500003000400000005001700004008004100021020003400062020004000096040001400136082002500150245021700175250002200392264012100414300006200535336002700597337002700624338002800651504003800679520191600717534011602633650004602749650002402795650003702819650002602856700003102882700002802913700004102941700003402982OSt20240424115400.0240423s2022 ts ad||f |||| 001 0 spa d a9789948797852 (Libro impreso) a9789948979869 (Libro electrónico) erdacCHAP00222a634.6270953bV2900aLa variedad Mejhoul :b la joya de los dátiles - origen, distribución y mercado internacional /ceditado por Abdelouahhab Zaid y Oihabi Abdallah, traducción de Ricardo Salomón Torres y Noé Ortiz Uribe aPrimera edición 1aEmiratos Árabes Unidos:bPremio Internacional Khalifa para la Palma Datilera y la Innovación Agrícola, c2022. a279 páginas:bIlustraciones, cuadros, gráficas, mapas 2rdacontentatextobtxt 2rdamediaasin mediobn 2rdacarrieravolumenbnc aIncluye índice y bibliografía aLa variedad de dátil Mejhoul es una de las más importantes del mundo. El propósito del presente libro es resaltar y presentar la importancia de la Variedad Mejhoul en el Medio Oriente y Norte de África (región MENA ), así como su cultivo en el resto del nuevo mundo. En reconocimiento de esta variedad de dátil de importancia mundial, la Secretaría General del premio Internacional Khalifa para la palma Datilera y la innovación Agrícola ( kIADPAI ) con sede en Abu Dhabi en los Emiratos Árabes Unidos, presidida por su Excelencia, el Jeque Nahayan Mabark Al Nahayan, Ministro de Tolerancia y coexistencia y Presidente del Patronato KIADPAI tuvo el privilegio de Producir un libro científico especializado: el cual se titula: La Variedad Mejhoul, La joya de los Dátiles: Origen, distribución y Mercado Internacional. Esta libro revela información sobre una serie de factores importantes, donde se presenta el origen y la distribución geográfica de la variedad Mejhoul, sus requisitos edafoclimáticos técnicas de propagación y las características químicas y físicas de este fruto. También se abordan varios factores cruciales, ya que se destacan los estándares de comercialización para esta variedad, su comercialización comercial regional e internacional, así como su importancia en las estrategias de cultivo para la palma datilera de los países MENA y el impacto esperado de esta estrategia, en la comercialización regional e internacional del dátil. El libro también tiene como objetivo, influenciar a los líderes a nivel local, regional e internacional, al proporcionarles recomendaciones sobre investigación, desarrollo, demostraciones e innovación en la variedad Mejhoul, ofrecer información de fondo para las oportunidades de inversión regional, así como proyectos de desarollo internacional por parte de inversores privados. pTítulo original:t[ The Mejhoul Variety, The Jewel of Dates: Origin, Distribution and International Market ] 4aDátilesxCultivozPenínsula arábiga 4aDátilesxMercadeo 4aDátilesxAspectos económicos 4aDátilesxVariedades1 aZaid, AbdelouahhabeEditor1 aOihbi, AbdallabeEditor1 aSalomón Torres, RicardoeTraductor1 aOrtiz Uribe, NoéeTraductor